Ľudový spevokol Drotár

Bibliographic Details
Main Author: Sedlický, Tibor, 1924-2004 (Author)
Format: Article
Language:Slovak
ISBN:8080551618
Subjects:

MARC

LEADER 00000nab a2200000 a 4500
001 vtls000704531
003 SK-MaSNL
005 20260305030436.0
008 040806c1998 xo 0 slo
015 |a SNBRA1999/10-23008 
035 |a CLN000056698 
040 |a SNKBUCL  |b slo  |c SNKBUCL  |e AACR2 
041 0 |a slo 
044 |a xo  |c SK 
080 |a 78.087.684  |2 UDC-MRF-SK2 
100 1 |a Sedlický, Tibor,  |d 1924-2004  |4 aut  |9 206840 
245 1 0 |a Ľudový spevokol Drotár  |c Tibor Sedlický 
610 7 |a Drotár (spevácky zbor : Trenčín, Slovensko)  |2 snkbucl  |9 739753 
651 7 |a Trenčín (Slovensko : okres)   |2 snkbucl  |9 75018 
655 7 |a články zo zborníkov  |2 snkbucl  |9 166140 
773 0 |w SK01SNK19990310020  |z 8080551618  |t K dejinám zborového spevu na Slovensku. 3  |d Banská Bystrica : Univerzita Mateja Bela, 1998  |g S. 40 
850 |a Slovenská národná knižnica v Martine 
852 |a SNK  |b KIS3GCP 
999 |c 3311470  |d 3313400